000 00689nas a2200241 4500
001 BR8006433
003 BR-BrBNA
005 20231205084421.0
007 ta
008 230509b bl.|||p| |||| 00| 00por d
040 _aBR-BrBNA
_bpor
_cBiblioteca Nacional de Agricultura
041 _a(Pt)
072 _aH20
100 1 _aPinheiro, J.M.
245 1 _aTrigo e as molestias transmitidas por semente [Triticum aestivum, fungo]
650 _aTRIGO
650 _aSEMENTE
650 _aFUNGO
650 _aTRANSMISSAO DE DOENCA
773 0 _tLavoura Pecuaria (Brazil)
_x
_g(Mar 1980), v. 2(10) p. 29-30
_wBR8006433
909 _a202311
_bLúcia
_c55
_dLúcia Elande
942 _2AGRIS
_n0
_cANA
999 _c105093
_d105093